| 000 | 00473nam a2200145Ia 4500 | ||
|---|---|---|---|
| 008 | 220216s9999 xx 000 0 und d | ||
| 100 | _aKarunakaran A | ||
| 245 | 0 | _aProteins of Hevea latex: Ion exchange chromatography and starch gel electrophoresis | |
| 260 | _bProceedings of the Natural Rubber Research Conference, Kuala Lumpur, 1960; p798-807 | ||
| 650 | _aGel electrophoresis | ||
| 650 | _aHevea latex | ||
| 700 | _aMoir G F J | ||
| 700 | _aTata S J | ||
| 942 | _cJS | ||
| 999 |
_c66065 _d66065 |
||